The International Lawyer

Detalles Bibliográficos
Formato: eBook
Lenguaje:inglés
Publicado: Chicago: American Bar Association, 2017 -
Materias:
Acceso en línea:Acceso restringido

MARC

LEADER 00000nam a22000007a 4500
005 20210225220238.0
007 cr|||| ||||
008 210225c20179999us tr|p s|||| 0|||b1eng d
035 |a 31578 
040 |a vLex 
090 |c 11286  |d 11286 
245 0 3 |a The International Lawyer  |h [Recurso electrn̤ico] / 
256 |a Servicio en ln̕ea 
260 |a Chicago:  |b American Bar Association,  |c 2017 - 
300 |a 1 recurso electrn̤ico 
310 |a Cuatrimestral 
506 1 |a Disponible solo en los productos indicados  |d vLex Global  |d vLex Global (Academic Edition, excluding Law Schools)  |d vLex Global (Academic Edition, Law Schools) 
650 0 4 |a Derecho Internacional  |z Estados Unidos 
650 0 4 |a Abogados  |z Estados Unidos 
740 0 |a vLex Revistas (Servicio en ln̕ea) 
856 4 0 |u http://vlex.com/source/international-lawyer-31578  |z Acceso restringido 
942 |c REV 
999 0 |a International Law 
999 0 |a Lawyers